| 000 | 01067pam a2200289 a 4500 | ||
|---|---|---|---|
| 999 |
_c6895 _d6895 |
||
| 001 | 2033811 | ||
| 003 | GBCCL | ||
| 005 | 20241126110614.0 | ||
| 008 | 921117r19931991nyua j e 001 0 eng | ||
| 010 | _a 92043209 | ||
| 020 |
_a1856978427 : _c$39.95 |
||
| 040 |
_aDLC _cDLC _dDLC |
||
| 042 | _alcac | ||
| 050 | 0 | 0 |
_aQ121 _b.K55 1993 |
| 082 | 0 | 0 |
_a503 _220 _bKIN |
| 245 | 0 | 4 |
_aThe Kingfisher science encyclopedia / _cgeneral editor, Catherine Headlam. |
| 260 |
_aNew York : _bKingfisher Books, _c1993. |
||
| 300 |
_a768 p. : _bcol. ill. ; _c27 cm. |
||
| 500 | _aIncludes indexes. | ||
| 520 | _aPresents articles on scientific and technological topics arranged in alphabetical order. | ||
| 650 | 0 |
_aScience _xEncyclopedias, Juvenile. _912310 |
|
| 650 | 1 |
_aScience _xEncyclopedias. _912311 |
|
| 700 | 1 |
_aHeadlam, Catherine. _912312 |
|
| 906 |
_a7 _bcbc _corignew _d1 _eocip _f19 _gy-gencatlg |
||
| 942 |
_2ddc _cREF |
||